00591nam a2200205Ia 4500003000400000005001700004008004100021020001900062040000700081041000800088082001500096100002700111245003200138260002000170300000900190650002000199942001300219999001900232952013400251OSt20251113091839.0250729s2006 xx 000 0 und d a978-9351381709 cAL aeng a420.7 KRIM aKrishnaswamy N9224333 aMethods of teaching english aNew Delhic2006 a246p aEnglish9224334 2ddccBED c236358d236358 00104070aALbALd2025-07-29eSchool Book Companyg175.00l0o420.7 KRIMpBED01677r2025-07-29 16:54:46v175.00w2025-07-29yBK